Faculty of Law Library — Cairo University

Official Online Catalog

المستحدث من المبادئ التي قررتها الدوائر الجنائية بمحكمة النقض من أول أكتوبر سنة 2000 إلي ديسمبر سنة 2001 / (Record no. 69901)

MARC details
000 -LEADER
fixed length control field 01773nam a2200349 4500
003 - CONTROL NUMBER IDENTIFIER
control field EG-GICUC
005 - DATE AND TIME OF LATEST TRANSACTION
control field 20260409172451.0
008 - FIXED-LENGTH DATA ELEMENTS--GENERAL INFORMATION
fixed length control field 260409s2001 ua ||||frv||| 000 0 ara d
040 ## - CATALOGING SOURCE
Original cataloging agency EG-GICUC
Language of cataloging ara
Transcribing agency EG-GICUC
Modifying agency EG-GICUC
Description conventions rda
041 0# - LANGUAGE CODE
Language code of text/sound track or separate title ara
082 04 - DEWEY DECIMAL CLASSIFICATION NUMBER
Edition number 21
Classification number 343.3754
Item number م ح . م
092 04 - LOCALLY ASSIGNED DEWEY CALL NUMBER (OCLC)
Edition number 21
099 ## - LOCAL FREE-TEXT CALL NUMBER (OCLC)
Classification number Law1 10 343.3754 م ح . م 2001
100 0# - MAIN ENTRY--PERSONAL NAME
Personal name محمد على عبدالواحد.
Relator term مؤلف.
245 12 - TITLE STATEMENT
Title المستحدث من المبادئ التي قررتها الدوائر الجنائية بمحكمة النقض من أول أكتوبر سنة 2000 إلي ديسمبر سنة 2001 /
Statement of responsibility, etc. إعداد وإشراف المستشار محمد على عبدالواحد ؛ إعداد المستشار عبدالله لملوم عبدالرحمن، محمد عبدالحليم رضوان، أحمد أحمد محمد خليل، فتحي أحمد شعبان، محمد إبراهيم عبدالشافي.
264 #1 - PRODUCTION, PUBLICATION, DISTRIBUTION, MANUFACTURE, AND COPYRIGHT NOTICE
Place of production, publication, distribution, manufacture [غير محدد] :
Name of producer, publisher, distributor, manufacturer محكمة النقض - المكتب الفني،
Date of production, publication, distribution, manufacture, or copyright notice 2001.
300 ## - PHYSICAL DESCRIPTION
Extent 215 صفحة ؛
Dimensions 28 سم.
336 ## - CONTENT TYPE
Source rda content
Content type term text
337 ## - MEDIA TYPE
Source rda media
Media type term Computer
338 ## - CARRIER TYPE
Source rda carrier
Carrier type term Online Resource
546 ## - LANGUAGE NOTE
Language note النص باللغة العربية
650 1# - SUBJECT ADDED ENTRY--TOPICAL TERM
Topical term or geographic name entry element الإجراءات أمام محكمة النقض.
Source of heading or term qrmak
651 1# - SUBJECT ADDED ENTRY--GEOGRAPHIC NAME
Source of heading or term qrmak
700 0# - ADDED ENTRY--PERSONAL NAME
Personal name عبدالله لملوم عبدالرحمن
Relator term مساهم
700 0# - ADDED ENTRY--PERSONAL NAME
Personal name أحمد أحمد محمد خليل
Relator term مساهم
700 0# - ADDED ENTRY--PERSONAL NAME
Personal name فتحي أحمد شعبان
Relator term مساهم
700 0# - ADDED ENTRY--PERSONAL NAME
Personal name محمد عبدالحليم رضوان
Relator term مساهم
700 0# - ADDED ENTRY--PERSONAL NAME
Personal name محمد إبراهيم عبدالشافي
Relator term مساهم
856 40 - ELECTRONIC LOCATION AND ACCESS
Uniform Resource Identifier <a href="https://fll.law.cu.edu.eg/fulltext/bks/B10-09247.pdf">https://fll.law.cu.edu.eg/fulltext/bks/B10-09247.pdf</a>
905 ## - Cataloger and Reviser Names
Cataloger Name: Omar
942 ## - ADDED ENTRY ELEMENTS (KOHA)
Source of classification or shelving scheme Dewey Decimal Classification
Koha item type Books
Edition 21
Suppress in OPAC No
Holdings
Withdrawn status Lost status Source of classification or shelving scheme Damaged status Not for loan Collection Home library Current library Date acquired Total checkouts Full call number Barcode Date last seen Copy number Price effective from Koha item type
    Dewey Decimal Classification   Not for loan القانون الجنائي جــــامعة القــاهرة مكتبة كلية الحقوق - المبنى الرئيسي 09.04.2026   Law1 10 343.3754 م ح . م 2001 1009247 C2 B10-09247 09.04.2026 2 09.04.2026 Books

© All rights reserved — Faculty of Law, Cairo University